| 000 | 00668nam a2200217 a 4500 | ||
|---|---|---|---|
| 001 | BRCA_2158 | ||
| 005 | 20190320203707.0 | ||
| 008 | 930807s1990 mx-a---##b---#000-0#eng-# | ||
| 020 | _a9686523006 | ||
| 040 |
_aDLC _cDLC _dDLC |
||
| 041 | _aengspa | ||
| 050 | 4 |
_aND255 _b.P57 1990 |
|
| 245 | 1 | 0 | _aPintura mexicana, 1950-1980 = Mexican Painting. |
| 260 |
_aMéxico _bCONACULTA : INBA : IBM México _c1990 |
||
| 300 |
_a119 p. _bil. (algunas a color) _c25 cm. |
||
| 546 | _aTexto en : inglés y español | ||
| 650 | 1 | 4 |
_aPintura mexicana _vExposiciones _ySiglo XX _94387 |
| 650 | 1 | 4 |
_aPintura _vExposiciones _zMéxico _96508 |
| 740 | 0 | _aMexican Painting | |
| 942 |
_2lcc _cB |
||
| 999 |
_c1915 _d1915 |
||